Dites : Vrai ou Faux? - Statistiques

Statistiques générales
  • Ce quiz a été pris 324 fois
  • Le résultat moyen est 6 sur 12
Statistiques - réponses
Question Réponse % Correct
La queue d'un lézard peut repousser (globalement) s'il la perd Vrai
92%
Tous les pirates étaient des hommes Faux
75%
On peut cuire un oeuf avec un téléphone portable faux
67%
Manger des carottes permet de mieux voir dans le noir Faux
67%
Les pépins de pomme sont empoisonnés En majeure partie vrai
50%
Dans Égypte antique, on coupait le nez de ceux qui ne payaient par leurs impôts Vrai
50%
La lumière du soleil fait éternuer Vrai
50%
L'Everest grandit chaque année Vrai
42%
Un homme s'est élevé à 5km de haut sur une chaise de jardin Incroyable...mais vrai
33%
L'ampoule a été inventée par Thomas Edison Faux
25%
Newton a découvert la gravité quand une pomme lui est tombé sur la tête. Faux
17%
Les milkshakes à la fraise contiennent des insectes écrasés Vrai
17%
Aucun quiz correspondant
Distribution des résultats
% des personnes avec chaque résultat
Percentile par nombre de réponses
Votre historique - résultats
Vous n’avez pas pris ce quiz